[Event "Cairo Egyptian op"]
[Site "Cairo"]
[Date "2016.04.23"]
[Round "2"]
[White "Aly, Elhares"]
[Black "Abbas, Ahmed"]
[Result "1/2-1/2"]
[WhiteElo "2104"]
[BlackElo "1885"]
[PlyCount "98"]
[EventDate "2016.04.22"]
[EventType "swiss"]
[EventRounds "9"]
[EventCountry "EGY"]
[SourceTitle "CBM 172 Extra"]
[Source "ChessBase"]
[SourceDate "2016.06.21"]
[SourceVersion "1"]
[SourceVersionDate "2016.06.21"]
[SourceQuality "1"]

1. e4 c5 2. Nf3 g6 3. d4 cxd4 4. Nxd4 Nc6 5. c4 Bg7 6. Be3 Nf6 7. Nc3 0-0 8. Be2 b6 9. Qd2 Bb7 10. f3 Nh5 11. g4 Nxd4 12. Bxd4 Bxd4 13. Qxd4 Nf4 14. h4 Qc7 15. 0-0-0 Rfd8 16. Rhf1 d5 17. exd5 Nxd5 18. cxd5 Rxd5 19. Qe3 Rxd1+ 20. Kxd1 Rd8+ 21. Kc2 Rd6 22. Bd3 Re6 23. Be4 Qg3 24. Rd1 Bxe4+ 25. Nxe4 Qxh4 26. Rd8+ Kg7 27. Qd4+ f6 28. Qd5 Qh2+ 29. Kb3 Qe5 30. Qxe5 Rxe5 31. Rd7 h5 32. gxh5 gxh5 33. Kc4 h4 34. Rd2 Kg6 35. Kd4 Rh5 36. Rh2 Kf5 37. Ke3 Kg6 38. f4 e5 39. fxe5 fxe5 40. Rh3 Kh6 41. a3 Kg6 42. Nd2 Kf5 43. Rh1 Rh6 44. Ne4 Rh7 45. Rh2 Rh6 46. Rc2 Re6 47. Rh2 Rh6 48. Rd2 Re6 49. Rg2 Rh6 1/2-1/2